000
00297nam a22001337a 4500
008
171002b xxu||||| |||| 00| 0 eng d
020
_a
9780547201931
041
_a
eng
080
_2
3RD
_a
37
100
_a
47
101
_a
EDU
245
_a
POCKET GUIDE TO APA STYLE
_c
PERRIN,R
942
_2
udc
_c
BK
999
_c
31108
_d
31108